000186719 001__ 186719
000186719 005__ 20260319125822.0
000186719 0247_ $$2doi$$a10.1088/0953-4075/42/5/055701
000186719 0247_ $$2ISSN$$a0022-3700
000186719 0247_ $$2ISSN$$a0368-3508
000186719 0247_ $$2ISSN$$a0953-4075
000186719 0247_ $$2ISSN$$a1361-6455
000186719 0247_ $$2WOS$$aWOS:000263600900027
000186719 037__ $$aGSI-2016-01217
000186719 041__ $$aeng
000186719 082__ $$a530
000186719 1001_ $$aBedrane, Z.$$b0
000186719 245__ $$aEffect of directional energetic electrons on the density diagnostic of hot plasmas
000186719 260__ $$aBristol$$bIOP Publ.$$c2009
000186719 3367_ $$00$$2EndNote$$aJournal Article
000186719 3367_ $$2DRIVER$$aarticle
000186719 3367_ $$0PUB:(DE-HGF)16$$2PUB:(DE-HGF)$$aJournal Article$$bjournal$$mjournal$$s1460053903_20094
000186719 3367_ $$2BibTeX$$aARTICLE
000186719 536__ $$0G:(DE-HGF)POF3-899$$a899 - ohne Topic (POF3-899)$$cPOF3-899$$fPOF III$$x0
000186719 588__ $$aDataset connected to CrossRef
000186719 7001_ $$aInal, M. K.$$b1
000186719 7001_ $$0P:(DE-Ds200)OR2243$$aFritzsche, S.$$b2$$ugsi
000186719 773__ $$0PERI:(DE-600)1363381-8$$a10.1088/0953-4075/42/5/055701$$gVol. 42, no. 5, p. 055701 -$$n5$$p055701 -$$tJournal of physics / B$$v42$$x1361-6455$$y2009
000186719 909CO $$ooai:repository.gsi.de:186719$$pVDB
000186719 9101_ $$0I:(DE-Ds200)20121206GSI$$6P:(DE-Ds200)OR2243$$aGSI Helmholtzzentrum für Schwerionenforschung GmbH$$b2$$kGSI
000186719 9131_ $$0G:(DE-HGF)POF3-899$$1G:(DE-HGF)POF3-890$$2G:(DE-HGF)POF3-800$$3G:(DE-HGF)POF3$$4G:(DE-HGF)POF$$aDE-HGF$$bProgrammungebundene Forschung$$lohne Programm$$vohne Topic$$x0
000186719 9141_ $$y2009
000186719 915__ $$0StatID:(DE-HGF)0420$$2StatID$$aNationallizenz
000186719 915__ $$0StatID:(DE-HGF)0430$$2StatID$$aNational-Konsortium
000186719 915__ $$0StatID:(DE-HGF)0200$$2StatID$$aDBCoverage$$bSCOPUS
000186719 915__ $$0StatID:(DE-HGF)0100$$2StatID$$aJCR$$bJ PHYS B-AT MOL OPT : 2014
000186719 915__ $$0StatID:(DE-HGF)0300$$2StatID$$aDBCoverage$$bMedline
000186719 915__ $$0StatID:(DE-HGF)0199$$2StatID$$aDBCoverage$$bThomson Reuters Master Journal List
000186719 915__ $$0StatID:(DE-HGF)0110$$2StatID$$aWoS$$bScience Citation Index
000186719 915__ $$0StatID:(DE-HGF)0150$$2StatID$$aDBCoverage$$bWeb of Science Core Collection
000186719 915__ $$0StatID:(DE-HGF)0111$$2StatID$$aWoS$$bScience Citation Index Expanded
000186719 915__ $$0StatID:(DE-HGF)1150$$2StatID$$aDBCoverage$$bCurrent Contents - Physical, Chemical and Earth Sciences
000186719 915__ $$0StatID:(DE-HGF)9900$$2StatID$$aIF < 5
000186719 9201_ $$0I:(DE-Ds200)ATP-20051214OR020$$kATP$$lAtomphysik$$x0
000186719 980__ $$ajournal
000186719 980__ $$aVDB
000186719 980__ $$aI:(DE-Ds200)20110830OR020
000186719 980__ $$aI:(DE-Ds200)ATP-20051214OR020
000186719 980__ $$aUNRESTRICTED